| 000 | 00540nam a2200205Ia 4500 | ||
|---|---|---|---|
| 003 | OSt | ||
| 005 | 20220928133236.0 | ||
| 006 | a|||||r|||| 00| 0 | ||
| 007 | ta | ||
| 008 | 220927b |||||||| |||| 00| 0 eng d | ||
| 024 | _a122493 | ||
| 037 | _cTextual | ||
| 040 |
_aSDCL _cSDCL _beng |
||
| 041 |
_2eng _aeng |
||
| 082 | _aG9X,11n1,N85, M5.1-.5 | ||
| 245 | 0 | _aANIMAL CELL biotechnology.5V. | |
| 260 |
_aLondon _bAcademic Press _c1985 |
||
| 942 |
_hG9X,11n1,N85, M5.1-.5 _cTEXL _2CC |
||
| 999 |
_c798491 _d798491 |
||